000 01348nam a22002417a 4500
003 NALT
005 20251125232951.0
008 s2539 th tha d
040 _aNALT
041 _atha
050 _aZ 679.2.T5N2
_bณ251ศ 2539
100 0 _aณรัฐ ดาราวลี
_955553
245 1 0 _aศูนย์บริการข้อมูลข่าวสาร (สาขาหอสมุดแห่งชาติ) =
_bInformation centre and libraries /
_cณรัฐ ดาราวลี.
246 3 1 _aInformation centre and libraries.
260 _aกรุงเทพฯ :
_bจุฬาลงกรณ์มหาวิทยาลัย,
_c2539
300 _a1 เล่ม :
_bภาพประกอบ, แผนที่, ตาราง ;
_c30 ซม.
650 0 4 _aศูนย์บริการข้อมูลข่าวสาร (สาขาหอสมุดแห่งชาติ) -- การออกแบบและการสร้าง -- วิจัย
650 0 4 _aอาคารห้องสมุด -- การออกแบบและการสร้าง -- วิจัย
850 _aNALT
856 4 0 _uhttps://hdl.handle.net/20.500.14156/488148
942 _cRSH
_2lcc
999 _c45410
_d45410
998 _j109
_k อารีรัตน์ วิชาช่าง